100 diagrams that changed the world : from the earliest cave paintings to the innovation of the iPod (Record no. 8126)

000 -LEADER
fixed length control field 00421nam a22001457a 4500
003 - CONTROL NUMBER IDENTIFIER
control field OSt
005 - DATE AND TIME OF LATEST TRANSACTION
control field 20200804161539.0
008 - FIXED-LENGTH DATA ELEMENTS--GENERAL INFORMATION
fixed length control field 200804b ||||| |||| 00| 0 eng d
020 ## - INTERNATIONAL STANDARD BOOK NUMBER
International Standard Book Number 9781849940764
082 ## - DEWEY DECIMAL CLASSIFICATION NUMBER
Classification number 604.2
Item number CHR
100 ## - MAIN ENTRY--PERSONAL NAME
Personal name Christianson, Scott
245 ## - TITLE STATEMENT
Title 100 diagrams that changed the world : from the earliest cave paintings to the innovation of the iPod
260 ## - PUBLICATION, DISTRIBUTION, ETC. (IMPRINT)
Place of publication, distribution, etc London
Name of publisher, distributor, etc Batsford
Date of publication, distribution, etc 2014
942 ## - ADDED ENTRY ELEMENTS (KOHA)
Source of classification or shelving scheme
Holdings
Withdrawn status Lost status Source of classification or shelving scheme Damaged status Koha normalized classification for sorting Not for loan Permanent location Current location Date acquired Full call number Barcode Date last seen Price effective from Koha item type
        604_200000000000000_CHR   BMS College of Architecture, Design and Planning BMS College of Architecture, Design and Planning 2020-08-04 604.2 CHR AR-RD34 2020-08-04 2020-08-04 R&D Books
Copyright © 2025, The Librarian, Library and Information Centre, BMSCA D&P, Bengaluru. All Rights Reserved
web counter

Powered by Koha